000
00243 a2200097 4500
001
48775
100
_a
Bannister
245
_a
Tutorial guide in electronic engg 7: instrumentation
260
_a
London
_b
Chapman Hall
_c
090
_c
31676
_d
31676
942
_a
NUST-CAE
_c
M
_c
24087
999
_c
283848
_d
283848